| 000 | 00562nam a2200181Ia 4500 | ||
|---|---|---|---|
| 003 | GCL | ||
| 008 | 140319s9999 xx 000 0 ara d | ||
| 040 |
_aGCL / _cGCL |
||
| 082 | 0 | 4 |
_a692.3 _bم ع |
| 100 | 1 | _aمحمد عبدالحميد جودة | |
| 245 | 1 | 0 |
_aالعقود والموصفات للمنشات الهندسية / _cمحمد عبدالحميد جودة |
| 260 |
_a[S.N] : _bمنشاة المعارف ، _c1994 |
||
| 300 | _a387 ص | ||
| 490 | _a | ||
| 650 | 0 | 4 | _aالهندسة المدنية |
| 650 | 0 | 4 | _aالانشاءات |
| 942 |
_2ddc _cBK |
||
| 999 |
_c34935 _d34935 |
||